Indus Valley Civilisation Sites - Map Quiz - Statistics

General Stats
  • This quiz has been taken 113 times
  • The average score is 5 of 21
Answers on the Map
Answers color-coded by a green-red scale on the quiz's map according to % correct below.
 
Answer Stats
Answer % Correct
Mohenjo-daro
69%
Harappa
60%
Shortugai
50%
Lothal
46%
Bet Dwarka
38%
Daimabad
38%
Mehrgarh
38%
Alamgirpur
31%
Amri
27%
Rakhigarhi
27%
Dholavira
23%
Kalibangan
21%
Manda
19%
Rangpur
19%
Sutkagan Dor
12%
Ganweriwala
10%
Surkotada
6%
Farmana Khas
4%
Sokhta Koh
4%
Bhirrana
2%
Balu
0%
No matching quizzes found
Score Distribution
Percent of People with Each Score
Percentile by Number Answered
Your Score History
You have not taken this quiz